00912nam a22002297a 450000500170000001000140001702000260003103500130005703700130007008200130008310000340009624501370013025000160026726000420028327001020032530000280042750000190045570000260047494200270050099900170052795201380054420100803140425.0 aENG-97964 a9788175348240c995.00 aEN-81497 bDBAD/PUB a346.5405 aAiyar, S. Krishnamurthi95503 aCommentary on the Indian trusts act :bincluding model trust deeds and forms /cby S. Krishnamurthi Aiyar ; revised by S. K.Sarvaria a6th rev. ed aDelhibUniversal Law Publishingc2010 aC-FF-1A, Dilkhush Industrial Estate, (Near Azadpur Metro Station) G.T. Karnal RoadbDelhie110033 acxviii,934p.c25cm (Hb) aIncludes index aSarvaria, S. K.95504 2ddccENh346.5405mAIY c38964d38964 001040718NFICaDBADbDBADd2010-08-03eDBAD/PUBg995.00l0o346.5405 AIYpEN-81497r2010-08-03 00:00:00t1v995.00w2010-08-03yEN